Click the Country - Mountain - Statistics

General Stats
  • This quiz has been taken 293 times
  • The average score is 17 of 25
Answer Stats
Hint Explanation Answer % Correct
Fuji 3,776 m Japan
92%
Olympus 2,918 m Greece
90%
Kilimanjaro 5,895 m Tanzania
84%
Mont Blanc 4,809 m France & Italy
83%
Matterhorn 4,478 m Switzerland & Italy
83%
Hvannadalshnjúkur 2,110 m Iceland
80%
Everest 8,849 m Nepal & China
80%
Denali 6,190 m USA
79%
Aconcagua 6,961 m Argentina
76%
Ben Nevis 1,345 m UK
76%
Aoraki/Cook 3,724 m New Zealand
75%
Ararat 5,137 m Turkey
75%
Elbrus 5,642 m Russia
73%
Puncak Jaya 4,884 m Indonesia
60%
K2 8,611 m Pakistan
60%
Logan 5,959 m Canada
59%
Stanley/Ngaliema 5,109 m DRC & Uganda
59%
Teide 3,715 m Spain
56%
Kangchenjunga 8,586 m Nepal & India
53%
Kosciuszko 2,228 m Australia
52%
Chimborazo 6,263 m Ecuador
52%
Orizaba 5,636 m Mexico
43%
Apo 2,954 m Philippines
42%
Damavand 5,671 m Iran
40%
Kinabalu 4,095 m Malaysia
37%
No matching quizzes found
Score Distribution
Percent of People with Each Score
Percentile by Number Answered
Your Score History
You have not taken this quiz